000 00325 a2200133 4500
001 85386
020 _a9781597840651
082 _a297.2 GUL
090 _c40113
_d40112
100 _aM. Fethullah Gulen
245 _aQuestions and Answers about Islam Vol-1
260 _aNew Jersy
_bTughra Books
_c2010
300 _axv 264
942 _acae nust
_k297.2 GUL
999 _c320459
_d320459